LEADER 01109nam a2200265 i 4500 001 000000236080 003 CaOOAMICUS 005 20141124000000.0 008 141124s2014 it u000 u ita u 013 $a214984 020 $a978-88-311-8235-5 040 $aSeMil$bita 100 0 $aEpiphanius,$c.$0(OLS)http://semarc/name/5724 245 10$aPanarion :$beresie 67-73 /$cEpifanio di Salamina ; traduzione e note a cura di Domenico Ciarlo. 260 $aRoma :$bCittà Nuova,$c2014. 300 $a288 p. ;$c21 cm. 490 0 $aCollana di testi patristici ;$v235 700 1 $aCiarlo, Domenico,$d<1972- >.$0(OLS)http://semarc/name/42181 830 0$aCollana di testi patristici ;$v235.$0(OLS)http://semarc/title/2 850 $aSeMil 852 $aSeMil$W1$xVenegono$y1$m2UA E 235$j228100$B186426$CSeMilBibl$Z2$F197227 $81 961 $aSottoscrizione: Città Nuova (Agente) 996 $6020$a978-88-311-8235-5$9(OLS)http://semarc/number/241028 996 $6245$aPanarion :$beresie 67-73$9(OLS)http://semarc/title/336459 996 $6260$aRoma :$bCittà Nuova$9(OLS)http://semarc/publisher/29609 LEADER 00749nab a2200145 i 4500 001 000000267750 003 CaOOAMICUS 005 20071128000000.0 008 071128n xx uu u0 0und r 013 $a12420 040 $aSeMil$bita 245 10$aTempo di Avvento :$bImmacolata Concezione, Natale del Signore, Festa S. Famiglia. - 32 p. ; 25 cm. - (Ascolto e Annuncio ; Anno A, 1). - Titolo dalla prima pagina. 500 $a18 novembre 2007 - Supplemento. 773 0 $t[2007 : Luglio-Dicembre].$dBologna : Centro Editoriale Dehoniano, 2007.$w()162850 996 $6245$aTempo di Avvento :$bImmacolata Concezione, Natale del Signore, Festa S. Famiglia. - 32 p. ; 25 cm. - (Ascolto e Annuncio ; Anno A, 1). - Titolo dalla prima pagina.$9(OLS)http://semarc/title/358448